01000nas a2200241Ia 4500001001100000003000900011008004100020040001300061040001300074041001300087100003800100210002100138222002100159245009300180250001100273260003600284501008600320300001000406310001200416362003200428500026200460650003600722R022/43040IT-RoPAU151124c99999999xx |||||||||||| ||und|| aIT-RoPAU cIT-RoPAU aITALIANO aAA.VV. gCodice Aut. SPICS: 12000 aINFORMAZIONI MCS aInformazioni Mcs aINFORMAZIONI MCS, ANNO 22-N.03 (MARZO 1979)bInformazioni Mcs, Anno 22-N.03 (Marzo 1979) a1a ed. aVICENZAbINFORMAZIONI MCSc1979 bPaulus - SPICS - Società San Paolo EM (non-commercial uses only)cCopyright2015 a32 p. aMENSILE aANNO 022, N.03 (MARZO 1979) aSchede Critiche dei Film: L'Amico Sconosciuto, Fatto di Sangue Fra Due Uomini per Causa di una Vedova: Si Sospettano Moventi Politici, Qualcuno Sta Uccidendo i più Grandi Cuochi D'Europa, L'Ingorgo-Una Storia Impossibile, Interiors, Pirana, Lo Squalo 2, a aCINEMAvPUBBLICAZIONE PERIODICA